[Event "US-China Summit"]
[Site "Seattle USA"]
[Date "2001.03.15"]
[Round "2"]
[White "Ni Hua"]
[Black "Nakamura,H"]
[Result "1-0"]
[WhiteElo "2534"]
[BlackElo "2364"]

1.e4 c5 2.Nf3 d6 3.d4 cxd4 4.Nxd4 Nf6 5.Nc3 a6 6.Be3 e6 7.f3 b5 8.g4 h6 9.Qd2 Bb7
10.O-O-O Nbd7 11.h4 b4 12.Na4 Qa5 13.b3 Nc5 14.a3 Nxa4 15.axb4 Qc7 16.bxa4 d5
17.e5 Nd7 18.f4 Nb6 19.f5 Nxa4 20.fxe6 Nc3 21.exf7+ Kxf7 22.Bd3 Bxb4 23.Qf2+ Kg8
24.Rdf1 Ba3+ 25.Kd2 Ne4+ 26.Bxe4 dxe4 27.g5 Rc8 28.Qf5 Qc3+ 29.Kd1 Bd5 30.e6 Qa1+
31.Ke2 Bc4+ 32.Kf2 Qxf1+ 33.Rxf1 Rf8 34.g6 Rxf5+ 35.Nxf5 Bxf1 36.Kxf1 Kf8
37.Bd4 Rg8 38.c4 Ke8 39.Ke2 Rf8 40.Nxg7+ Ke7 41.Ke3 Rd8 42.Kxe4 a5 43.c5 a4
44.Ke5 Rg8 45.Nf5+ Kd8 46.g7  1-0

[Event "US-China Summit"]
[Site "Seattle USA"]
[Date "2001.03.18"]
[Round "4"]
[White "Ni Hua"]
[Black "Nakamura,H"]
[Result "1-0"]
[WhiteElo "2534"]
[BlackElo "2364"]

1.e4 c5 2.c3 Nf6 3.e5 Nd5 4.d4 cxd4 5.Nf3 Nc6 6.Bc4 Nb6 7.Bb3 d5 8.exd6 Qxd6
9.Na3 a6 10.O-O Be6 11.Bxe6 Qxe6 12.Nxd4 Nxd4 13.Qxd4 Rd8 14.Qh4 Qc6 15.Nc2 e6
16.Nd4 Qc7 17.Bg5 Be7 18.Nf5 exf5 19.Bxe7 Rd7 20.Bf6 gxf6 21.Rae1+ Re7 22.Qxf6 Rg8
23.Rxe7+ Qxe7 24.Qxb6 Qe4 25.f3 Qe2 26.Qf2 Qxf2+ 27.Kxf2 Ke7 28.Rd1 Rc8 29.Ke3 h6
30.Rd4 Rc6 31.Kf4 Kf6 32.g3 Ke6 33.Rd8 Rc4+ 34.Ke3 Rc6 35.Rh8 Ke5 36.f4+ Kd5
37.Re8 Rf6 38.Re5+ Kc6 39.c4 b6 40.b4 Kd7 41.Kd4 Kd8 42.a4 Kd7 43.a5 bxa5
44.Rxa5 Ke7 45.Re5+ Kd7 46.b5 axb5 47.cxb5  1-0

[Event "Open"]
[Site "Bled SLO"]
[Date "2001.03.24"]
[Round "1"]
[White "Grilc,A"]
[Black "Nakamura,H"]
[Result "0-1"]
[WhiteElo "2044"]
[BlackElo "2364"]

1.e4 c5 2.Nf3 d6 3.d4 cxd4 4.Nxd4 Nf6 5.Nc3 a6 6.Bc4 e6 7.Bb3 b5 8.O-O b4
9.Na4 Bd7 10.Re1 Nc6 11.c3 Rb8 12.Bg5 Be7 13.f4 bxc3 14.Nxc6 Bxc6 15.Nxc3 Rb4
16.f5 Nxe4 17.Nxe4 Bxe4 18.Bxe7 Qxe7 19.fxe6 fxe6 20.Qh5+ g6 21.Qa5 d5 22.Rf1 Qa7+
23.Kh1 Qb6 24.Qa3 Rf8 25.Ba4+ Ke7 26.Qc3 d4 27.Qh3 Bf5 28.Qxh7+ Kf6 29.Bb3 Qd8
30.Qh4+ Kg7 31.Qe1 Qd6 32.Rd1 Rh8 33.g3 e5 34.Qf2 e4  0-1

[Event "Open"]
[Site "Bled SLO"]
[Date "2001.03.25"]
[Round "2"]
[White "Nakamura,H"]
[Black "Laco,G"]
[Result "1-0"]
[WhiteElo "2364"]
[BlackElo "2183"]

1.e4 c5 2.Nc3 a6 3.Nf3 b5 4.d4 cxd4 5.Nxd4 e6 6.Bd3 Bb7 7.O-O Nc6 8.Nb3 Qc7
9.f4 h5 10.Qf3 Nf6 11.Bd2 Ng4 12.Rae1 Qb6+ 13.Kh1 Ne7 14.a4 Bc6 15.a5 Qa7
16.Nd5 O-O-O 17.Nb6+ Kb8 18.Qe2 d5 19.f5 Qc7 20.e5 Nc8 21.fxe6 f6 22.Bc3 Be8
23.h3 fxe5 24.Bxe5 Nxe5 25.Qxe5 Bd6 26.Qe3 Ne7 27.c3 g5 28.Qd4 Bc6 29.Rf7 g4
30.Nc5 Bxc5 31.Qxc5 Rde8 32.Nd7+ Bxd7 33.Qxc7+ Kxc7 34.exd7 Kxd7 35.Rf6 Nc6
36.Bf5+ Kc7 37.Rxe8 Rxe8 38.hxg4 hxg4 39.Bxg4 Rh8+ 40.Kg1 Rg8 41.Bf3 Ne7
42.Rxa6 b4 43.cxb4 Rb8 44.Re6 Kd7 45.Bg4 Ke8 46.Rb6 Rxb6 47.axb6 Kd8 48.b5 d4
49.Be6 Ng6 50.g3 Ne5 51.g4 Nd3 52.Kf1 Nf4 53.Bf7 Nh3 54.Ke1 Kc8 55.Bd5 Kb8
56.Kd2 Nf4 57.Be4 Nh3 58.Bc6 Kc8 59.b3 Kb8 60.Bg2 Nf4 61.Bf3 Nh3 62.Kd3 Nf2+
63.Kxd4 Nxg4 64.Bxg4 Kb7 65.Kc4  1-0

[Event "Open"]
[Site "Bled SLO"]
[Date "2001.03.28"]
[Round "5"]
[White "Nakamura,H"]
[Black "Jovan,R"]
[Result "1-0"]
[WhiteElo "2364"]
[BlackElo "2125"]

1.e4 e5 2.Nf3 Nf6 3.Nxe5 d6 4.Nf3 Nxe4 5.Bd3 Nc5 6.Be2 Be7 7.O-O d5 8.d4 Ne4
9.c4 c6 10.Nc3 O-O 11.Qb3 dxc4 12.Bxc4 Nd6 13.Bd3 Bf6 14.Qc2 h6 15.Bf4 Bg4
16.Ne5 Be6 17.Rad1 Ne8 18.Rfe1 Bg5 19.Bxg5 Qxg5 20.Ne4 Qh4 21.Nc5 Bd5 22.Nxb7 Nf6
23.Nd6 Ng4 24.Bh7+  1-0

[Event "Open"]
[Site "Bled SLO"]
[Date "2001.03.29"]
[Round "6"]
[White "Sveshnikov,E"]
[Black "Nakamura,H"]
[Result "1-0"]
[WhiteElo "2561"]
[BlackElo "2364"]

1.e4 c5 2.f4 Nc6 3.Nf3 g6 4.c3 Bg7 5.d4 d5 6.e5 f6 7.Bb5 Qb6 8.Qe2 c4 9.Na3 a6
10.Ba4 Bf5 11.Bc2 Bxc2 12.Nxc2 Nh6 13.O-O O-O 14.Ne3 e6 15.exf6 Rxf6 16.h3 Qc7
17.Ng4 Nxg4 18.hxg4 Re8 19.Be3 Bf8 20.g5 Rf5 21.Nh2 Nb8 22.Rf3 Bd6 23.Ng4 Nd7
24.Raf1 h5 25.gxh6 Kh7 26.Nf2 Kxh6 27.Nh3 Nf6 28.Ng5 Kg7 29.Rh3 Rxg5 30.fxg5 Ne4
31.Qg4 Rh8 32.Rff3 Bh2+ 33.Kh1 Bd6 34.Qxe6 Rxh3+ 35.Rxh3 Qe7 36.Qg4 Qf7 37.Rf3 Qe7
38.Qh4 Kg8 39.Kg1 b5 40.Rh3 Qg7 41.Qg4 Qf8 42.Qe6+ Kg7 43.Qxd5 Qe8 44.Qb7+ Qe7
45.Qxe7+ Bxe7 46.d5  1-0

[Event "Open"]
[Site "Bled SLO"]
[Date "2001.03.30"]
[Round "7"]
[White "Nakamura,H"]
[Black "Dobrotka,M"]
[Result "0-1"]
[WhiteElo "2364"]
[BlackElo "2183"]

1.e4 e6 2.d4 d5 3.Nc3 dxe4 4.Nxe4 Nf6 5.Bg5 Be7 6.Bxf6 Bxf6 7.Nf3 Nd7 8.c3 Qe7
9.Bd3 b6 10.Qe2 Bb7 11.O-O-O a5 12.g4 g6 13.h4 h5 14.gxh5 Rxh5 15.Ng3 Rh8
16.Be4 Ba6 17.Qe3 O-O-O 18.h5 g5 19.Nh2 Qd6 20.Ng4 Qf4 21.Bf3 Be7 22.d5 Bc4
23.b3 f5 24.dxe6 Bxe6 25.Ne2 Qxe3+ 26.Nxe3 Ne5 27.Bd5 Bd7 28.Nd4 f4 29.Nef5 Ba3+
30.Kb1 Ng4 31.Rd2 Nf6 32.c4 c6 33.Ng7 cxd5 34.Nde6 Rdg8 35.h6 Kb7 36.cxd5 Ng4
37.Rc2 Rc8 38.Rxc8 Bxc8 39.h7 Be7 40.Rc1 Bf6 41.Rc7+ Kb8 42.Rc6 Rxh7 43.Rxb6+ Ka7
44.Rc6 Bb7 45.Rc7 Be5 46.Re7 Kb6 47.f3 Ne3 48.Kc1 Bc3  0-1

[Event "Open"]
[Site "Bled SLO"]
[Date "2001.03.31"]
[Round "8"]
[White "Gombac,Jan"]
[Black "Nakamura,H"]
[Result "0-1"]
[WhiteElo "2206"]
[BlackElo "2364"]

1.e4 c5 2.Nf3 d6 3.d4 cxd4 4.Nxd4 Nf6 5.Nc3 a6 6.Be3 e6 7.g4 b5 8.g5 Nfd7
9.Qh5 g6 10.Qe2 b4 11.Nd1 Bb7 12.f3 d5 13.Nf2 Bg7 14.O-O-O e5 15.exd5 exd4
16.Bd2+ Kf8 17.Bxb4+ Kg8 18.Be7 Qa5 19.Ba3 Qxd5 20.Qe8+ Nf8 21.Qe7 Qd7 22.Ne4 Qxe7
23.Bxe7 Bxe4 24.fxe4 Nc6 25.Bd6 Ne6 26.Bc4 Rd8 27.Bg3 Be5 28.Bxa6 Bxg3 29.hxg3 Nb4
30.Bc4 Nxg5 31.c3 Nc6 32.Bd5 Ne7 33.Rxd4 Kg7 34.a4 f5 35.Rhd1 Rd7 36.a5 Ra7
37.b4 Kf6 38.c4 Rd8 39.c5 fxe4 40.Bxe4 Rxd4 41.Rxd4 Ke5 42.Rd6 Nxe4 43.Rb6 Nxc5
44.Rb5 Rc7 45.a6 Nc8 46.bxc5 Kd5 47.Rb7 Rxc5+ 48.Kd2 Ra5 49.Rc7 Nd6 50.a7 Nb5
51.Rb7 Nxa7 52.Rxh7 Nc6 53.Ke3 Ke6 54.Kf3 Kf6 55.Rb7 Nd4+ 56.Kg4 Nf5 57.Rb6+ Kg7
58.Rb3 Kh6 59.Rc3 Ra4+ 60.Kh3 Kh5 61.Rf3 Rg4 62.Kh2 Nxg3  0-1

[Event "Open"]
[Site "Bled SLO"]
[Date "2001.04.01"]
[Round "9"]
[White "Nakamura,H"]
[Black "Sitnik,I"]
[Result "1-0"]
[WhiteElo "2364"]
[BlackElo "2277"]

1.e4 c6 2.d4 d5 3.e5 Bf5 4.Nc3 Qb6 5.Bd3 Bxd3 6.Qxd3 e6 7.Nge2 Ne7 8.O-O h5
9.Nd1 Nd7 10.Be3 Nf5 11.Ng3 g6 12.b3 c5 13.Nxf5 gxf5 14.f4 Rc8 15.Nc3 cxd4
16.Na4 Qc6 17.Bxd4 b5 18.Nc3 a6 19.a4 b4 20.Na2 a5 21.Rac1 Nc5 22.Qd1 Ne4
23.c3 bxc3 24.Nxc3 Ba3 25.Nxe4 Qxc1 26.Nd6+ Kd7 27.Nxc8 Qxc8 28.Qd2 Qc7 29.h3 Rb8
30.Qe2 Rb4 31.Ba1 Qb6+ 32.Kh2 h4 33.Qc2 Rxb3 34.Bc3 Be7 35.Bxa5 Rb2 36.Qc3 Rb3
37.Bxb6 Rxc3 38.a5 Kc6 39.Ra1 Kb7 40.a6+ Ka8 41.Rb1 Ra3 42.a7 Ra4 43.Bf2 d4
44.Rd1 Rxa7 45.Rxd4 Rc7 46.Ra4+ Kb7 47.Ra2 Kc8 48.g3 hxg3+ 49.Bxg3 Kd7 50.h4 Rc8
51.Ra7+ Ke8 52.h5 Kf8 53.Kh3 Bc5 54.Rb7 Kg8 55.Bh4 Bf8 56.Bg5 Bg7 57.h6 Bh8
58.Kh4 Rf8 59.Be7 Rc8 60.Kh5 Ra8 61.Rd7 Rc8 62.Kg5 Rc1 63.Rd8+ Kh7 64.Rf8 Rg1+
65.Kh5 Rh1+ 66.Bh4 Rf1 67.Rxf7+ Kg8 68.Kg6  1-0

[Event "Mayor's Cup"]
[Site "New York USA"]
[Date "2001.06.18"]
[Round "1"]
[White "Nakamura,H"]
[Black "Yudasin,L"]
[Result "0-1"]
[WhiteElo "2428"]
[BlackElo "2568"]

1.d4 Nf6 2.Bg5 e6 3.e4 c5 4.e5 h6 5.Bc1 Nd5 6.c4 Nb4 7.d5 d6 8.a3 N4a6 9.exd6 Bxd6
10.Nc3 O-O 11.Bd3 Nc7 12.Nge2 exd5 13.cxd5 Nd7 14.O-O Nf6 15.Bc4 b6 16.Ng3 Be5
17.Nh5 Bb7 18.Bf4 Bxf4 19.Nxf4 Qd6 20.Qf3 Ne6 21.Nxe6 fxe6 22.Rad1 Nxd5 23.Nxd5 Rxf3
24.Nf6+ Rxf6 25.Rxd6 Re8 26.Re1 Kf7 27.b4 cxb4 28.axb4 Re7 29.f3 Bc8 30.Rc1 Bd7
31.Ra1 Rf4 32.Rxa7 Bc8 33.Bxe6+ Bxe6 34.Rxe7+ Kxe7 35.Rxb6 Rc4 36.h3 Rc2
37.Ra6 Rb2 38.Rb6 Bc4 39.h4 Kf7 40.h5 Bd5 41.Rd6 Bc4 42.Rb6 Kg8 43.Rb8+ Kh7
44.Rb6 Bf7 45.Rb5 Be8 46.Re5 Bc6 47.Rc5 Ba4 48.Rc4 Be8 49.Rh4 Kg8 50.Kf1 Rd2
51.g4 Rb2 52.Rh1 Kf7 53.Rh3 Kf6 54.f4 Rxb4 55.Rf3 Bd7 56.g5+ hxg5 57.fxg5+ Kxg5
58.Rg3+ Bg4  0-1

[Event "Mayor's Cup"]
[Site "New York USA"]
[Date "2001.06.19"]
[Round "2"]
[White "Nakamura,H"]
[Black "Gruenfeld,Y"]
[Result "1/2-1/2"]
[WhiteElo "2428"]
[BlackElo "2520"]

1.e4 c5 2.Nc3 Nc6 3.Nf3 e5 4.Bc4 Be7 5.d3 Nf6 6.O-O O-O 7.h3 d6 8.Nh2 a6
9.a4 Be6 10.f4 exf4 11.Bxf4 d5 12.exd5 Nxd5 13.Nxd5 Bxd5 14.Bxd5 Qxd5 15.Ng4 Rad8
16.Ne3 Qd4 17.Kh1 f5 18.Qe2 Qd7 19.Nc4 Nd4 20.Qf2 b5 21.axb5 axb5 22.Ne5 Qb7
23.c3 Ne6 24.Qc2 Nxf4 25.Rxf4 Bd6 26.d4 g6 27.Re1 Rfe8 28.Rf3 Bxe5 29.Rfe3 cxd4
30.cxd4 Rxd4 31.Rxe5 Rxe5 32.Rxe5 b4 33.Re8+ Kf7 34.Rh8 Kf6 35.Rf8+ Kg7 36.Rc8 Qd5
37.Qc7+ Kh6 38.Rh8 Rd1+ 39.Kh2 Qd6+ 40.Qxd6 Rxd6 41.Rb8 Rd4 42.Rb7 g5 43.Rb6+ Kh5
44.Rb5 f4 45.Rb6 Rc4 46.Rb7 h6 47.b3 Re4 48.Rb6 Rd4 49.g4+ fxg3+ 50.Kxg3 Rd3+
51.Kh2 Rxb3 52.Kg2 Rb1 53.Kg3 b3 54.Kf3 g4+ 55.hxg4+ Kg5 56.Kg3 b2 57.Kg2 Kxg4
58.Rb4+ Kf5 59.Rb5+ Ke4 60.Rb4+ Kd5 61.Rb5+ Kc4 62.Rb8 h5 63.Rc8+ Kd5 64.Rd8+ Kc6
65.Rb8 h4 66.Rb3 h3+ 67.Kh2  1/2-1/2

[Event "Mayor's Cup"]
[Site "New York USA"]
[Date "2001.06.20"]
[Round "3"]
[White "Perelshteyn,E"]
[Black "Nakamura,H"]
[Result "1/2-1/2"]
[WhiteElo "2436"]
[BlackElo "2428"]

1.e4 c5 2.Nf3 d6 3.d4 cxd4 4.Nxd4 Nf6 5.Nc3 a6 6.h3 b5 7.g4 Bb7 8.Bg2 e5
9.Nde2 b4 10.Nd5 Nxd5 11.exd5 g6 12.O-O Bg7 13.Qe1 a5 14.a3 Na6 15.Bd2 Qb6
16.Be3 Qc7 17.Qd2 O-O 18.g5 Rac8 19.Rfc1 e4 20.Rab1 Rfe8 21.Ng3 Qc4 22.Bf1 Qa2
23.Bxa6 Bxa6 24.axb4 axb4 25.Qxb4 Rxc2 26.Rxc2 Qxb1+ 27.Rc1 Qd3 28.Rc6 Be5
29.Qxe4 Qd1+ 30.Kg2 Bb5 31.Rc1 Qb3 32.Qf3 Bxb2 33.Rc7 Rf8 34.Bf4 Bc4 35.Qxb3 Bxb3
36.Bxd6 Bxd5+ 37.f3 Re8 38.Ne4 Bxe4 39.fxe4 Be5 40.Re7 Rxe7  1/2-1/2

[Event "Mayor's Cup"]
[Site "New York USA"]
[Date "2001.06.21"]
[Round "4"]
[White "Nakamura,H"]
[Black "Blatny,P"]
[Result "0-1"]
[WhiteElo "2428"]
[BlackElo "2547"]

1.e4 e5 2.Nf3 Nc6 3.d4 exd4 4.Nxd4 Nge7 5.Bc4 Nxd4 6.Qxd4 Nc6 7.Qd5 Qe7 8.Nc3 Ne5
9.Be2 c6 10.Qd1 g5 11.Be3 d6 12.Qd2 Rg8 13.O-O-O Be6 14.Qd4 Qc7 15.h4 h6
16.hxg5 hxg5 17.Rh5 Be7 18.g3 g4 19.Bf4 Qb6 20.Qd2 Qa5 21.Qd4 Nd3+ 22.Rxd3 Qxh5
23.Bxd6 Bxd6 24.Qxd6 Qg5+ 25.Re3 Rd8 26.Qc7 Qe7 27.Qe5 Rg5 28.Qh8+ Qf8 29.Qh4 Rg6
30.Nd5 Qd6 31.Bc4 cxd5 32.exd5 Qb4 33.Qh8+ Ke7 34.Qd4 b5  0-1

[Event "Mayor's Cup"]
[Site "New York USA"]
[Date "2001.06.22"]
[Round "5"]
[White "Krush,I"]
[Black "Nakamura,H"]
[Result "1-0"]
[WhiteElo "2380"]
[BlackElo "2428"]

1.Nf3 Nf6 2.c4 g6 3.Nc3 Bg7 4.e4 d6 5.d4 O-O 6.Be2 e5 7.O-O Na6 8.Be3 Ng4
9.Bg5 Qe8 10.dxe5 dxe5 11.h3 Nf6 12.a3 Nc5 13.Qc2 Ne6 14.c5 Nxg5 15.Nxg5 Qe7
16.b4 Nh5 17.Nf3 Nf4 18.Rfd1 c6 19.Rd6 Ne6 20.Bc4 Nd4 21.Qd1 b5 22.Bf1 Be6
23.Nxd4 exd4 24.Ne2 Be5 25.Nxd4 Bd7 26.Nb3 Rad8 27.Ra2 Bxd6 28.cxd6 Qg5 29.Nc5 Bxh3
30.Qd4 Be6 31.Rd2 h5 32.e5 Bd5 33.f4 Qg4 34.Bxb5 h4 35.Bc4 h3 36.Ne4 h2+
37.Kh1 Bxe4 38.Qxe4 Kg7 39.Qd4 c5 40.bxc5 Rb8 41.Ba2 Qg3 42.e6+ f6 43.Rd1 Qg4
44.e7 Rh8 45.d7 Rb2 46.Bd5 Rhb8 47.e8=Q Rb1 48.Qe1  1-0

[Event "Mayor's Cup"]
[Site "New York USA"]
[Date "2001.06.25"]
[Round "8"]
[White "Nakamura,H"]
[Black "Novikov,I"]
[Result "0-1"]
[WhiteElo "2428"]
[BlackElo "2596"]

1.e4 c5 2.Nf3 d6 3.d4 cxd4 4.Nxd4 Nf6 5.Nc3 a6 6.Bg5 e6 7.f4 Qb6 8.Bxf6 gxf6
9.Qd2 Qxb2 10.Rb1 Qa3 11.Be2 Bg7 12.O-O f5 13.Kh1 Qc5 14.e5 dxe5 15.Na4 Qxd4
16.Qxd4 exd4 17.Nb6 Nd7 18.Nxa8 b5 19.Bf3 Nc5 20.Nb6 Bd7 21.Rbd1 Ne4 22.Rd3 Bc6
23.a4 bxa4 24.Ra3 Bb5 25.Bxe4 fxe4 26.Re1 f5 27.Nxa4 Kf7 28.Ra2 Rc8 29.Nb6 Rc7
30.g3 Bf8 31.Rd1 e3 32.Kg2 e2 33.Rb1 Bb4 34.Kf2 Bc5 35.Na4 d3+ 36.Ke1 dxc2  0-1

[Event "29th World Open"]
[Site "Philadelphia USA"]
[Date "2001.07.06"]
[Round "4"]
[White "Ehlvest,J"]
[Black "Nakamura,H"]
[Result "1-0"]
[WhiteElo "2630"]
[BlackElo "2428"]


1.c4 Nf6 2.Nc3 g6 3.e4 d6 4.d4 Bg7 5.f3 O-O 6.Nge2 c5 7.d5 e6 8.Bg5 h6 9.Be3 exd5
10.cxd5 Nbd7 11.Qd2 Ne5 12.Ng3 h5 13.Bg5 h4 14.Nge2 h3 15.Ng3 hxg2 16.Bxg2 b5
17.O-O Qb6 18.b3 Re8 19.Kh1 Nh7 20.Bh6 Bh8 21.Be3 Qa5 22.Rac1 Ba6 23.f4 Nd3
24.Rc2 c4 25.bxc4 bxc4 26.e5 f5 27.exf6 Nxf6 28.f5 Nb4 29.Rcc1 Nd3 30.Bd4 Nxc1
31.Qg5 Qc7 32.fxg6 Nd3 33.Nf5 Ng4 34.g7 Nge5 35.Nh6+  1-0

[Event "29th World Open"]
[Site "Philadelphia USA"]
[Date "2001.07.07"]
[Round "6"]
[White "Filatov,L"]
[Black "Nakamura,H"]
[Result "0-1"]
[WhiteElo "2307"]
[BlackElo "2428"]

1.d4 Nf6 2.Nf3 g6 3.Bf4 Bg7 4.e3 O-O 5.Be2 d6 6.h3 Nbd7 7.O-O Ne4 8.c4 e5
9.Bh2 Qe7 10.Qc2 f5 11.dxe5 dxe5 12.Nbd2 Nec5 13.Nb3 a5 14.Rad1 b6 15.Nxc5 Nxc5
16.Nd2 Bb7 17.Bf3 e4 18.Be2 Rad8 19.Nb1 g5 20.Nc3 f4 21.Nd5 Bxd5 22.Rxd5 Rxd5
23.cxd5 Be5 24.Bc4 Qd6 25.exf4 gxf4 26.b3 Kh8 27.Qd1 Qg6 28.Qg4 Qxg4 29.hxg4 Bd6
30.Rd1 Rg8 31.f3 h5 32.Be2 hxg4 33.fxg4 Kg7 34.Kf1 Kf6 35.Bc4 Kg6 36.Kf2 Kg5
37.Ke1 Kxg4 38.Be2+ f3 39.gxf3+ exf3 40.Bxd6 cxd6 41.Rd4+  0-1

[Event "US Open"]
[Site "Framingham USA"]
[Date "2001.08.07"]
[Round "4"]
[White "Blatny,P"]
[Black "Nakamura,H"]
[Result "1/2-1/2"]
[WhiteElo "2478"]
[BlackElo "2452"]

1.d4 Nf6 2.Nf3 g6 3.Nc3 Bg7 4.e4 d6 5.Be2 O-O 6.O-O c6 7.a4 a5 8.Bf4 Na6
9.Qd2 Nb4 10.Rac1 Qb6 11.Bh6 Bg4 12.e5 dxe5 13.dxe5 Nfd5 14.Ne4 Rad8 15.Qg5 Bxf3
16.Bxf3 f6 17.Qh4 Na6 18.c4 Ndc7 19.Rc3 Qd4 20.exf6 exf6 21.Be3 Qd7 22.Rcc1 Qe7
23.Rfe1 Qb4 24.Rcd1 f5 25.Ng5 h6 26.Nh3 Rfe8 27.Kf1 Rxd1 28.Rxd1 Ne6 29.Bxh6 Nd4
30.Qg5 Qxc4+ 31.Kg1 Qd3 32.Rc1 Nxf3+ 33.gxf3 Qxf3 34.Qxg6 Qg4+ 35.Qxg4 fxg4
36.Bxg7 Kxg7 37.Ng5 Re2 38.f4 gxf3 39.Nxf3 Rxb2  1/2-1/2

[Event "US Open"]
[Site "Framingham USA"]
[Date "2001.08.09"]
[Round "6"]
[White "Epstein,E"]
[Black "Nakamura,H"]
[Result "1/2-1/2"]
[WhiteElo "2185"]
[BlackElo "2452"]

1.e4 c5 2.Nf3 d6 3.c3 Nf6 4.Bd3 Bg4 5.Bc2 Nc6 6.d3 g6 7.Nbd2 Bg7 8.h3 Bxf3
9.Nxf3 O-O 10.O-O Re8 11.Be3 Nd7 12.d4 cxd4 13.cxd4 e5 14.Bb3 Nf6 15.dxe5 Nxe5
16.Nxe5 dxe5 17.Qxd8 Rexd8 18.f3 b6 19.Rac1 h6 20.Rfd1 Rxd1+ 21.Rxd1 Bf8
22.Kf1 Kg7 23.h4 Be7 24.Ke2 Rd8 25.g4 Nd7 26.g5 hxg5 27.hxg5 Bc5  1/2-1/2

[Event "US Open"]
[Site "Framingham USA"]
[Date "2001.08.12"]
[Round "9"]
[White "Nakamura,H"]
[Black "Friedel,J"]
[Result "1-0"]
[WhiteElo "2452"]
[BlackElo "2221"]

1.d4 Nf6 2.Bg5 g6 3.Bxf6 exf6 4.c4 f5 5.Nc3 d6 6.g3 Nd7 7.Bg2 Nf6 8.e3 a5
9.h4 Bg7 10.Nh3 O-O 11.Nd5 Ne4 12.Ndf4 Re8 13.O-O h6 14.Kh2 Bd7 15.Rc1 c5
16.f3 Nf6 17.Qd2 Bc6 18.Nd3 Qb6 19.d5 Bd7 20.Nhf2 Re7 21.Rfe1 Rae8 22.b3 Qa6
23.a4 Qb6 24.Rb1 Qd8 25.Re2 g5 26.hxg5 hxg5 27.Rbe1 Kh7 28.Nh3 Bh6 29.e4 fxe4
30.fxe4 Bxh3 31.Bxh3 g4 32.Qb2 Bg7 33.e5 dxe5 34.Bg2 e4 35.Nf2 Nxd5 36.Bxe4+ Kh8
37.Qd2 Nc3 38.Qf4 Nxe2 39.Rxe2 Qb6 40.Nxg4 Qe6 41.Qg5 Qd6 42.Qh5+ Kg8 43.Bh7+ Kf8
44.Rf2 Qc7 45.Nh6 Rd8 46.Qg5 Bxh6 47.Qg8+  1-0

[Event "Smartchess.com It"]
[Site "New York USA"]
[Date "2001.10.07"]
[Round "1"]
[White "Nakamura,H"]
[Black "Novikov,I"]
[Result "1/2-1/2"]
[WhiteElo "2452"]
[BlackElo "2593"]

1.e4 c5 2.Nf3 d6 3.d4 cxd4 4.Nxd4 Nf6 5.Nc3 a6 6.Bg5 e6 7.f4 Qb6 8.Qd2 Qxb2
9.Rb1 Qa3 10.f5 Nc6 11.fxe6 fxe6 12.Nxc6 bxc6 13.Be2 Be7 14.O-O O-O 15.Rb3 Qc5+
16.Be3 Qe5 17.Bd4  1/2-1/2

[Event "Smartchess.com It"]
[Site "New York USA"]
[Date "2001.10.08"]
[Round "2"]
[White "Nakamura,H"]
[Black "Cela,A"]
[Result "1-0"]
[WhiteElo "2466"]
[BlackElo "2483"]

1.e4 c6 2.d4 d5 3.e5 c5 4.dxc5 Nc6 5.Bb5 e6 6.b4 a5 7.c3 axb4 8.cxb4 Bd7
9.Qb3 Nxe5 10.Bxd7+ Qxd7 11.Bb2 Nc4 12.Nf3 Nxb2 13.Qxb2 Be7 14.O-O Bf6 15.Nc3 Ne7
16.a4 O-O 17.a5 e5 18.Rad1 e4 19.Nd4 Nc6 20.Nce2 Rfe8 21.Qb3 Rad8 22.Nb5 Be5
23.Nec3 Qe6 24.Rxd5 Rxd5 25.Qxd5  1-0

[Event "Smartchess.com It"]
[Site "New York USA"]
[Date "2001.10.09"]
[Round "3"]
[White "Gonzales,Jay"]
[Black "Nakamura,H"]
[Result "0-1"]
[WhiteElo "2432"]
[BlackElo "2466"]

1.c4 e5 2.g3 Nc6 3.Bg2 g6 4.Nc3 Bg7 5.e4 d6 6.d3 f5 7.Nge2 Nf6 8.O-O O-O
9.f3 Be6 10.Nd5 Ne7 11.Bg5 c6 12.Nxe7+ Qxe7 13.Rc1 Qf7 14.b3 h6 15.Be3 d5
16.cxd5 cxd5 17.Qd2 Kh7 18.d4 exd4 19.Nxd4 dxe4 20.Nxe6 Qxe6 21.Rc7 Rad8
22.Qc1 Rc8 23.fxe4 Nxe4 24.Bxa7 Rxc7 25.Qxc7 Rf7 26.Qc4 Qxc4 27.bxc4 Nc3
28.Bf2 Rc7 29.Re1 Rxc4 30.Bxb7 Rc7 31.Bf3 Nxa2 32.Rb1 Nc3 33.Rb7 Rxb7 34.Bxb7 Bd4
35.Kf1 Bxf2 36.Kxf2 Kg7 37.Ke3 Kf6 38.Kd3 Nb5 39.Bc6 Nd6 40.Kd4 Nf7 41.Bf3 Ne5
42.Bd1 Ke6 43.Bb3+ Kd6 44.Bd5 g5 45.h3 Ng6 46.Bf7 Nf8 47.Be8 Ne6+ 48.Ke3 Ke5
49.Bg6 Ng7 50.Kf3 Ne6 51.Ke3 Nc7 52.Kf3 Nb5 53.Ke3 Nd4 54.Be8 Nc2+ 55.Kd2 Nb4
56.Ke3 Nd5+ 57.Kf3 Nf6 58.Bg6 h5 59.Bf7 h4 60.gxh4 gxh4 61.Bg6 Ne4 62.Kg2 Ng5
63.Bh5 f4 64.Bg4 Ke4 65.Kf2 f3  0-1

[Event "Smartchess.com It"]
[Site "New York USA"]
[Date "2001.10.11"]
[Round "5"]
[White "Krush,I"]
[Black "Nakamura,H"]
[Result "0-1"]
[WhiteElo "2411"]
[BlackElo "2466"]

1.Nf3 Nf6 2.c4 c6 3.d4 d5 4.Nc3 dxc4 5.a4 Bf5 6.Ne5 e6 7.f3 Bb4 8.e4 Bxe4
9.fxe4 Nxe4 10.Bd2 Qxd4 11.Nxe4 Qxe4+ 12.Qe2 Bxd2+ 13.Kxd2 Qd5+ 14.Kc2 Na6
15.Nxc4 O-O-O 16.Qe5 f6 17.Qe3 Nb4+ 18.Kb3 c5 19.Rc1 Nc6 20.Ka3 Nd4 21.Bd3 Kb8
22.Be4 Qd7 23.Rhd1 Qc7 24.g4 g6 25.Rd2 f5 26.Bg2 e5 27.Rf2 e4 28.gxf5 gxf5
29.Ka2 a6 30.a5 Qc6 31.Qa3 f4 32.Rxf4 Ne2 33.Rcf1 Nxf4 34.Rxf4 Rd4 35.Qg3 Ka7
36.Nb6 Rb4 37.Rf7 Qe6+  0-1

[Event "Smartchess.com It"]
[Site "New York USA"]
[Date "2001.10.13"]
[Round "7"]
[White "Shahade,G"]
[Black "Nakamura,H"]
[Result "1/2-1/2"]
[WhiteElo "2459"]
[BlackElo "2466"]

1.e4 c5 2.Nf3 d6 3.d4 cxd4 4.Nxd4 Nf6 5.Nc3 a6 6.Be3 e6 7.f3 b5 8.g4 Bb7
9.Qd2 Nfd7 10.O-O-O Nb6 11.Nb3 b4 12.Nb1 Nc6 13.Qf2 Na4 14.N1d2 Ne5 15.Nc4 Nxc4
16.Bxc4 Rc8 17.Bd3 Be7 18.Kb1 Qc7 19.Qd2 Bf6 20.Bd4 Bxd4 21.Nxd4 Qb6 22.Nb3 O-O
23.Rhe1 Nc5 24.Nxc5 Qxc5 25.Qe3 Qxe3 26.Rxe3 Rc5 27.Be2 d5 28.e5 Rfc8 29.Rd2 d4
30.Rxd4 Rxc2 31.Rd8+ Rxd8 32.Kxc2 g5 33.a3 a5 34.axb4 axb4 35.Rd3 Rc8+ 36.Kd2 Bd5
37.Bd1 Rc5 38.Rd4 b3 39.Rb4 Bc6 40.Rxb3 Rxe5 41.Be2 Ra5 42.Rc3 Bd7 43.b4 Ra2+
44.Rc2 Ra8 45.b5 Rb8 46.Rc5 h6 47.Kc3 Kf8 48.Kb4 Ke7 49.Rc2 Ra8 50.Rb2 Bc8
51.Kc5 Bb7 52.Kb6  1/2-1/2

[Event "Smartchess.com It"]
[Site "New York USA"]
[Date "2001.10.14"]
[Round "8"]
[White "Nakamura,H"]
[Black "Perelshteyn,E"]
[Result "0-1"]
[WhiteElo "2466"]
[BlackElo "2432"]

1.e4 e5 2.Nf3 Nc6 3.d4 exd4 4.Nxd4 g6 5.c4 Bg7 6.Nb3 a5 7.a3 d6 8.Nc3 Nf6
9.Bd3 O-O 10.O-O Nd7 11.Be3 a4 12.Nd2 Nc5 13.Bb1 Nd4 14.Ba2 c6 15.Nf3 Nxf3+
16.Qxf3 f5 17.Rad1 Qe7 18.exf5 Bxf5 19.Qg3 Be5 20.Bf4 Bxf4 21.Qxf4 Bd3 22.Qh6 Bxf1
23.Rxf1 Rf6 24.Qd2 Raf8 25.h3 Qe5 26.Qd1 Rf4 27.Bb1 Kg7 28.Ba2 Ne4 29.f3 Nxc3
30.bxc3 Qxc3 31.Qxa4 Qe3+ 32.Rf2 Rd4 33.Qc2 Qxa3 34.Re2 Rf7 35.Kh2 Rd3 36.Bb1 Re3
37.Rf2 Qc3 38.Qd1 Re1 39.Qd3 Qxd3 40.Bxd3 Rfe7 41.Rd2 Rc1 42.Kg3 Kf6 43.Kf2 Rd7
44.Rb2 d5 45.cxd5 Rxd5 46.Be4 Rb5 47.Rd2 Ke7 48.g4 Ra5 49.Re2 Kd7 50.f4 Ra3
51.h4 Rca1 52.f5 R1a2 53.fxg6 Rxe2+ 54.Kxe2 hxg6 55.Bxg6 Rh3 56.h5 Ke7 57.Be4 Kf6
58.Bg2 Rb3 59.Be4 Kg5 60.Bf5 Rc3 61.Kd2 Rc5 62.Be6 b5 63.Bf7 b4 64.Kd3 Rc3+
65.Kd2 Kxg4 66.h6 Kg5 67.h7 Rh3 68.Bg8 c5 69.Ke2 Kg6 70.Kd2 Rxh7 71.Kd3 Rh3+
72.Kc2 Kf6 73.Bd5 Ke5 74.Bg8 Kd4 75.Be6 Rg3 76.Bg8 Rxg8  0-1

[Event "Smartchess.com It"]
[Site "New York USA"]
[Date "2001.10.15"]
[Round "9"]
[White "Blatny,P"]
[Black "Nakamura,H"]
[Result "1-0"]
[WhiteElo "2458"]
[BlackElo "2466"]

1.d4 Nf6 2.e3 c5 3.Nd2 g6 4.dxc5 Qa5 5.a3 Qxc5 6.b4 Qc7 7.Bb2 Bg7 8.Ne4 Qc6
9.Ng3 d6 10.Nf3 O-O 11.h4 e5 12.h5 a5 13.b5 Qc7 14.Ng5 Bg4 15.f3 Qb6 16.Qe2 Bd7
17.hxg6 hxg6 18.N3e4 Nxe4 19.Nxe4 d5 20.Nc3 Be6 21.O-O-O d4 22.exd4 exd4
23.Qf2 Nd7 24.Ne4 Rfc8 25.Rxd4 Rc7 26.Qh4 Kf8 27.Rxd7 Qe3+ 28.Kb1 Bxb2 29.Rd8+ Rxd8
30.Qxd8+ Kg7 31.Qh8+  1-0

[Event "WYB14"]
[Site "Oropesa del Mar ESP"]
[Date "2001.10.21"]
[Round "1"]
[White "Hamel,O"]
[Black "Nakamura,H"]
[Result "0-1"]
[WhiteElo "2035"]
[BlackElo "2466"]

1.d4 Nf6 2.c4 g6 3.Nc3 Bg7 4.e4 d6 5.Nf3 O-O 6.Be2 e5 7.O-O Na6 8.dxe5 dxe5
9.Qxd8 Rxd8 10.Bg5 Re8 11.Bxf6 Bxf6 12.h3 c6 13.Rab1 Nc5 14.b4 Ne6 15.b5 Nd4
16.Rfd1 Nxe2+ 17.Nxe2 Be6 18.bxc6 bxc6 19.Rbc1 Red8 20.g4 Rxd1+ 21.Rxd1 Bxc4
22.Nc3 Be6 23.g5 Bd8 24.h4 Bc7 25.Kg2 Rb8 26.Ng1 Rb2 27.Nge2 Kf8 28.Kg3 Ke7
29.a4 Ba5 30.Rc1 Bc4 31.Nd1 Rb3+ 32.Nec3 Be6 33.f3 Kd7 34.Kg2  0-1

[Event "WYB14"]
[Site "Oropesa del Mar ESP"]
[Date "2001.10.23"]
[Round "3"]
[White "Zhigalko,S"]
[Black "Nakamura,H"]
[Result "0-1"]
[WhiteElo "2203"]
[BlackElo "2466"]

1.e4 c5 2.c3 Nf6 3.e5 Nd5 4.Nf3 Nc6 5.Bc4 Nb6 6.Bb3 c4 7.Bc2 Qc7 8.Qe2 g5
9.e6 dxe6 10.Nxg5 Qe5 11.d4 cxd3 12.Bxd3 Qxe2+ 13.Bxe2 h6 14.Ne4 e5 15.Na3 f5
16.Ng3 e6 17.Nc2 Kd8 18.f4 e4 19.Bd2 Kc7 20.O-O-O Rg8 21.Rhg1 Nd5 22.Rgf1 a5
23.a4 Bc5 24.Kb1 Bd7 25.c4 Ndb4 26.Na3 Nd4 27.Bc3 Nxe2 28.Be5+ Kc8 29.Nxe2 Bxa4
30.Rd2 e3  0-1

[Event "WYB14"]
[Site "Oropesa del Mar ESP"]
[Date "2001.10.24"]
[Round "4"]
[White "Nakamura,H"]
[Black "Wojtaszek,R"]
[Result "1/2-1/2"]
[WhiteElo "2466"]
[BlackElo "2285"]

1.d4 Nf6 2.Bg5 Ne4 3.Bf4 d5 4.Nd2 Bf5 5.Nxe4 Bxe4 6.e3 e6 7.Ne2 Bd6 8.Bxd6 Qxd6
9.c4 dxc4 10.Nc3 Bc6 11.Qg4 O-O 12.Bxc4 Qb4 13.Bb3 a5 14.Qe2 a4 15.Bc2 a3
16.Qd3 g6 17.O-O axb2 18.Rab1 Nd7 19.Bb3 Rfd8 20.Rxb2 Qd6 21.Qe2 Nf6 22.Rd1 Qb4
23.Rc1 Qe7 24.Rd1 Rd7  1/2-1/2